000 00422nam a2200181Ia 4500
003 OSt
005 20250823105709.0
008 250729s1900 xx 000 0 und d
040 _cAL
041 _aeng
082 _a150 MAHD
100 _aMohamed Jaffer
_9222012
245 _aDevelopment psychology
260 _aNew Delhi
_bA P H Publishing
300 _a389p
650 _aPsychology
_9222013
942 _2ddc
_cBED
999 _c235266
_d235266